000 00606nam a2200193Ia 4500
003 IN-BaIIA
008 211028s9999 xx 000 0 eng d
040 _cIIA Library
080 _a530.1
_bBER
100 _aBergmann, Peter Gabriel
_94406
245 0 _aBasic theories of physics
_bHeat and quanta
_cPeter Gabriel Bergmann
260 _aNew York
_bDover Publications
_c1951
300 _ax, 300p.
490 _aDover books explaining science and mathematics
650 _aNASA Thesaurus
650 _aPhysics
_973
650 _aTheoretical physics
_91581
942 _cBK
999 _c2463
_d2463